00720nam a2200229Ia 450000500170000000800410001702000250005804000190008304100120010208200130011410000160012724500510014326000340019430000360022850400340026465000190029865100420031785000100035994200070036999900150037695200990039120230712115552.0131103s9999 xx 000 0 und d a817033075 0cRs. 300 aLoreto College aEnglish a630bSHA aSharma,B.L. aApplied agricultural geographycBy B.L. Sharma aJaipurbRawat Publisherc1991 axx, 331 p.b ill., fig., tables aIncludes bibliography & index aAgriculture -  aAgriculture and related technology -  aLCLIB cBK c967d51446 00102ddc4070aMAINbMAINd2013-11-04l0o630 SHA 36845pB1601r2013-11-04w2013-11-04yBKf